[Event "KEN-ch"]
[Site "Nairobi"]
[Date "2022.12.29"]
[Round "8"]
[White "Lukoko, Moses"]
[Black "Otieno, George Ochieng"]
[Result "0-1"]
[WhiteElo "1463"]
[BlackElo "1684"]
[PlyCount "70"]
[EventDate "2022.12.26"]
[EventType "swiss"]
[EventRounds "9"]
[EventCountry "KEN"]
[SourceTitle "EXT 2024"]
[Source "ChessBase"]
[SourceDate "2023.10.10"]
[SourceVersion "1"]
[SourceVersionDate "2023.10.10"]
[SourceQuality "1"]

1. e4 e6 2. Nf3 c5 3. Nc3 Nc6 4. g3 Nf6 5. Bg2 d6 6. 0-0 Be7 7. d4 cxd4 8. Nxd4 0-0 9. b3 a6 10. Bb2 Qb6 11. Nxc6 bxc6 12. Ne2 Bb7 13. c4 Rfd8 14. Qc2 Rac8 15. e5 dxe5 16. Bxe5 c5 17. Bb2 Bxg2 18. Kxg2 Qc6+ 19. Kg1 Qf3 20. Nf4 Ng4 21. Rae1 Bf6 22. Bxf6 Nxf6 23. Re3 Qg4 24. Rd3 Rd4 25. Ne2 Rxd3 26. Qxd3 h6 27. Rd1 e5 28. f3 Qe6 29. Qd6 Qf5 30. Qd3 Qh3 31. Nc3 Re8 32. Ne4 Nxe4 33. Qxe4 Qc8 34. Qd5 Qf5 35. Qd3 Qh3 0-1

[Event "KEN-ch"]
[Site "Nairobi"]
[Date "2022.12.26"]
[Round "1"]
[White "Nguku Namale, Ben"]
[Black "Lukoko, Moses"]
[Result "1/2-1/2"]
[WhiteElo "1972"]
[BlackElo "1463"]
[PlyCount "87"]
[EventDate "2022.12.26"]
[EventType "swiss"]
[EventRounds "9"]
[EventCountry "KEN"]
[SourceTitle "EXT 2024"]
[Source "ChessBase"]
[SourceDate "2023.10.10"]
[SourceVersion "1"]
[SourceVersionDate "2023.10.10"]
[SourceQuality "1"]

1. d4 d6 2. e4 g6 3. Nc3 Bg7 4. Be3 Nf6 5. f3 b6 6. Qd2 c5 7. 0-0-0 cxd4 8. Bxd4 Ba6 9. Nge2 Nc6 10. Be3 Qc7 11. Nf4 Bxf1 12. Rhxf1 0-0 13. Nfd5 Nxd5 14. Nxd5 Qb7 15. Bh6 Rac8 16. Kb1 b5 17. h4 Ne5 18. Bxg7 Kxg7 19. h5 h6 20. f4 Ng4 21. Qe2 Nf6 22. Nxf6 exf6 23. Rxd6 Rfd8 24. Rfd1 Rxd6 25. Rxd6 Rc4 26. e5 Rxf4 27. exf6+ Rxf6 28. Qe5 Qe7 29. Qxf6+ Qxf6 30. Rxf6 Kxf6 31. hxg6 fxg6 32. Kc1 h5 33. Kd2 Ke5 34. Kc3 h4 35. Kb4 a6 36. a4 bxa4 37. Kc5 g5 38. c4 g4 39. Kb4 g3 40. c5 Kf4 41. c6 h3 42. gxh3 g2 43. c7 g1Q 44. c8Q 1/2-1/2